00996nam a2200277Ia 450000500170000000800410001702000180005810000270007624500700010325000360017330000500020949000450025953400150030465000510031965000490037065000370041965000330045670000200048970000260050926400490053533600270058433700330061133800280064404000350067208400110070720220317001347.0161108s2010 mx a g 000 0 spa  a97896816847921 aBrowne, Anthonyd1946-10aMi hermanocAnthony Browne ; traducción de Laura Emilia Pacheco a1a. ediciónb2a reimpresión a[26] páginasbilustraciones en colorc27 cm aLos especiales de A la orilla del viento tMy brother142LEMBaÁlbumes infantiles ingleses ySiglo XX142LEMBaLiteratura infantil inglesa ySiglo XX142LEMBaHermanos en la literatura 142LEMB aLibros de imágenes 1 aBrowne, Anthony1 aPacheco, Laura Emilia aMéxicobFondo de Cultura Económicac2010 atextobtxt2rdacontent asin mediaciónbn2rdamedia avolumenbnc2rdacarrier aCO-BoRNBPbspaerdacCO-BoRNBP aA BRO1